000 00462nam a2200181Ia 4500
001 24049
005 20260414151018.0
008 260414t1987||||xx |||||||||||||| ||spa||
041 _aESP
082 _a759.0113
_bG74
100 _aGordillo B., Jesús (ed.)
_eAUT
245 0 _aArte rupestre :
_bMiculla el valle de las piedras grabadas
260 _c1987
300 _a66 páginas :
_c21 cm.
650 _aABD
654 _aCAU
942 _cLIB
_dJUS
_fJUS
_2ddc
_n
999 _c24049
_d24049